| 000 | 01737nam a2200277 a 4500 | ||
|---|---|---|---|
| 008 | 120416s2002 ||||||||||||||||| || u | ||
| 020 | _a0340806796 | ||
| 050 | _aHD 111 Man | ||
| 100 | _aMannion, Antoinette M | ||
| 245 | 1 | 0 | _aDynamic world: land-cover and land-use change |
| 260 |
_aLondon _bArnold _c2002 |
||
| 300 | _avii, 230 p. : ill. | ||
| 350 | _a0.00 | ||
| 650 | _aLAND | ||
| 650 | _aLAND USE | ||
| 650 | 0 | _aNATURE--EFFECT OF HUMAN BEINGS ON | |
| 650 | _aLandscape changes | ||
| 856 | _uhttp://www.loc.gov/catdir/enhancements/fy0615/2003268472-d.html | ||
| 995 |
_aANNEX COLLECTION (Main Library) _D0.00 _e740017 _FCBU-MAIN LIBRARY (Kitwe) _H1 _I0.00 _jHD 111 Man _M6 _UAVAILABLE _WMay 6, 2009 _y740017 _ZAnnex Low-Usage Collection |
||
| 995 |
_aANNEX COLLECTION (Main Library) _D0.00 _e737581 _FCBU-MAIN LIBRARY (Kitwe) _H1 _I0.00 _jHD 111 Man _M4 _UAVAILABLE _WFeb 2, 2007 _y52953 _ZAnnex Low-Usage Collection |
||
| 995 |
_aANNEX COLLECTION (Main Library) _D0.00 _e737580 _FCBU-MAIN LIBRARY (Kitwe) _H1 _I0.00 _jHD 111 Man _M5 _UAVAILABLE _WFeb 2, 2007 _y52975 _ZAnnex Low-Usage Collection |
||
| 995 |
_aANNEX COLLECTION (Main Library) _D0.00 _e740016 _FCBU-MAIN LIBRARY (Kitwe) _H1 _I0.00 _jHD 111 Man _M7 _UAVAILABLE _WMay 6, 2009 _y740016 _ZAnnex Low-Usage Collection |
||
| 995 |
_aMAIN LIBRARY OPEN ACCESS _D0.00 _e735892 _FCBU-MAIN LIBRARY (Kitwe) _H1 _I21.95 _jHD 111 Man _M1 _UAVAILABLE _y38811 _ZMain Library Open Access Collection |
||
| 995 |
_aANNEX COLLECTION (Main Library) _D0.00 _e735891 _FCBU-MAIN LIBRARY (Kitwe) _H3 _I21.95 _jHD 111 Man _M3 _UAVAILABLE _y38812 _ZAnnex Low-Usage Collection |
||
| 995 |
_aMAIN LIBRARY OPEN ACCESS _D0.00 _e735890 _FCBU-MAIN LIBRARY (Kitwe) _H2 _I21.95 _jHD 111 Man _M2 _UAVAILABLE _y38817 _ZMain Library Open Access Collection |
||
| 999 |
_c75662 _d75662 |
||